Normal view MARC view

Entry AUTORIDADES PERSONAS

Number of records used in: 2

001 - NÚMERO DE CONTROL

  • campo de control: 514

003 - CONTROL

  • campo de control: AR-BaSMT

005 - FECHA Y HORA DE LA ÚLTIMA TRANSACCIÓN

  • campo de control: 20260512142858.0

008 - ELEMENTOS LONGITUD FÍSICA

  • campo de control de longitud fija: 260512|| aca||aabn | a|a d

040 ## - FUENTE DE CATALOGACIÓN

  • Agencia que cataloga: AR-BaSMT
  • Idioma de catalogación: spa
  • Norma: RDA

100 1# - ENCABEZAMIENTO-NOMBRE DE PERSONA

  • Nombre de persona: Lopez, Esher

Powered by Koha